Marketingová komunikácia ako súčasť strategického riadiaceho procesu vybraného subjektu diplomová práca

Enregistré dans:
Détails bibliographiques
Auteur principal: Sokolová, Veronika
Collectivité auteur: Podnikovohospodárska fakulta EU so sídlom v Košiciach. Katedra obchodného podnikania
Autres auteurs: Lieskovská, Vanda, 1961-
Format: Livre
Langue:slovaque
Publié: Košice 2016
Tags: Ajouter un tag
Pas de tags, Soyez le premier à ajouter un tag!

MARC

LEADER 00000nbm a2200000 4500
001 0217813
005 20170306135203.8
041 0 |a slo 
044 |a SK 
245 1 0 |a Marketingová komunikácia ako súčasť strategického riadiaceho procesu vybraného subjektu  |b diplomová práca  |c Veronika Sokolová ; školiteľ: Vanda Lieskovská 
264 1 |a Košice  |c 2016 
300 |a 73 s. 
100 1 |a Sokolová, Veronika 
700 1 |a Lieskovská, Vanda, 1961- 
710 2 |a Podnikovohospodárska fakulta EU so sídlom v Košiciach. Katedra obchodného podnikania